000 00444nam a2200181Ia 4500
008 170918s9999 xx 000 0 und d
020 _a590458817
050 _bW895fr 1995
100 _aWoodson, Jacqueline
245 _aFrom the notebooks of Melanin Sun /
245 _cby Jacqueline Woodson.
260 _aUSA :
260 _bScholastic,
260 _c1995
300 _a141 pages :
300 _billustrations ;
300 _c17cm.
999 _c343408
_d343408